Statistics for Wordle Words ---LL

Click here to take the quiz!

General Stats

  • This quiz has been taken 40 times
    (20 since last reset)
  • The average score is 14 of 28

Answer Stats

5-letter word% Correct
still
79%
drill
68%
grill
68%
shall
68%
frill
63%
shell
63%
skill
63%
spill
63%
stall
63%
trill
63%
troll
63%
shill
58%
skull
58%
small
58%
smell
58%
spell
58%
droll
53%
krill
53%
swell
53%
quill
42%
swill
42%
chill
37%
knoll
37%
quell
26%
atoll
21%
dwell
16%
scull
11%
idyll
5%

Score Distribution

Percentile by Number Answered

Percent of People with Each Score

Your Score History

You have not taken this quiz since the last reset